Countries In North America On A World Map - Statistics

General Stats
  • This quiz has been taken 20 times
  • The average score is 22 of 23
Answers on the Map
Answers color-coded by a green-red scale on the quiz's map according to % correct below.
 
Answer Stats
Country % Correct
Bahamas
100%
Canada
100%
Costa Rica
100%
Cuba
100%
Dominican Republic
100%
Guatemala
100%
Haiti
100%
Jamaica
100%
Mexico
100%
Nicaragua
100%
Panama
100%
United States
100%
Barbados
94%
Belize
94%
Dominica
94%
El Salvador
94%
Honduras
94%
Saint Kitts and Nevis
94%
Trinidad and Tobago
94%
Saint Lucia
89%
Saint Vincent and the Grenadines
89%
Antigua and Barbuda
83%
Grenada
83%
No matching quizzes found
Score Distribution
Percent of People with Each Score
Percentile by Number Answered
Your Score History
You have not taken this quiz